000 01331nam a22002897a 4500
700 1 _aАрнаудов, Михаил Петров
_933558
999 _c322573
_d322573
003 BLK
005 20240313005511.0
008 180418b bul||||| |||| 00| 0 bul d
040 _aBLK
041 _aBUL
_cBUL
072 _9178180
_aА
_xФонд Михаил Арнаудов
080 _aБългарска литература
_b821.163.2
_x-1
_z821.163.2-1
100 _aМихайлов, Панчо
_eсъбр.
_9363268
139 _bБ 92
245 _aБългарски народни песни от Македония
_cСъбрал Панчо Михайлов ; С предг. от М. Арнаудов
257 _aBGR
260 _9241519
_aСофия
_bЩипско благотвор. братство
_c1924
_f(София : Св. Климент)
300 _aXV, 295 с.
_c24 см
380 _aX
490 _9396381
_aЧастна колекция - Академик Михаил Арнаудов
_gДарение - Основен фонд
500 _aПълното име на авт. Панчо Михайлов Апостолов. - Мека подв., неразрязани ; инв. № 120000820255 - твърда подв.
852 _aМА 67
852 _aЦб 8.240.29658
_bЦб
942 _cKNG
_n0
_s1
999 _d322573
944 _k
_lCRON CRON